Statistics for World Leaders by Surname

Click here to take the quiz!

General Stats

  • This quiz has been taken 57 times
  • The average score is 10 of 20

Answer Stats

Given NameFamily Name% Correct
SilvioBerlusconi
85%
MikhailGorbachev
77%
JohnMajor
75%
FrançoisMitterand
72%
HelmutKohl
70%
Basharal-Assad
68%
IndiraGandhi
66%
LechWałęsa
66%
GoldaMeir
62%
CalvinCoolidge
58%
JacobZuma
53%
PervezMusharraf
51%
ShinzoAbe
51%
XiaopingDeng
45%
PierreTrudeau
40%
KevinRudd
26%
EnriquePeña Nieto
21%
JokoWidodo
15%
DavidLange
13%
FelipeGonzález
13%

Score Distribution

Percentile by Number Answered

Percent of People with Each Score

Your Score History

You have not taken this quiz